1024 1182 1947 1804 1264 1398 1056 1744 1832 1864 1192 1363 1077 1339 1875 1870 1292 1274 1540 1516 1832 1324 1506 1070 1084 1623 1615 1097 1307 1568 1638 1080 1490 1167 1432 1835 1598 1152 1225 1442 1155 1587 1050 1463 1119 1540 1468 1687 1975 1989 1538 1670 1983 1240 1043 1517 1748 1971 1789 1156 1464 1665 1316 1891 1206 1696 1704 1881 1186 1894 1804 1430 1515 1349 1834 1211 1201 1230 1228 1808 1001 1180 1868 1391 1181 1285 1695 1536 1115 1513 1391 1246 1600 1110 1599 1263 1420 1305 1504 BCNSPRNW ULIB Ver.6.0+V

เปลี่ยนเป็นภาษาไทย

Change to English
 แสดงรายละเอียดบรรณานุกรม
  กลับหน้าหลัก

Brief Record : Get Marc (ISO 2709) : E-mail record : QR code < ปิดหน้าต่าง
LEADER : 00000nam 2200000uu 4500
001    13399107732
003     ULIB
008    110201s2542||||th 000 0 tha d
020    9748004635
060 04 QT13^bค121ค 2542
110 2  สรีรวิทยาสมาคมแห่งประเทศไทย.^bคณะกรรมการศัพท์บัญญัติสรีรวิทยา
245 10 คำศัพท์สรีรวิทยา /^cคณะกรรมการศัพท์บัญญัติสรีรวิทยาสรีรวิทยาสมาคมแห่งประเทศไทย
250    พิมพ์ครั้งที่ 2 (ฉบับปรับปรุงใหม่)
260    กรุงเทพฯ :^bเท็กซ์ แอนด์ เจอนัล,^c2542
300    vi, 129 หน้า ;^c21 ซม.
650  7 สรีรวิทยา^vพจนานุกรม
945    ^p50^l0^i010453
945    ^p50^l0^i010452
945    ^p50^l0^i010450
945    ^p50^l0^i010449
945    ^p50^l0^i010448
945    ^p50^l0^i010451
995    ษร
999 ^a ใช้งานได้ทุกระบบ
รายการนี้ยังไม่มีแท็ก
คุณยังไม่ได้ล็อกอิน คุณสามารถมีกิจกรรมร่วมกับเว็บไซต์ได้ แต่ต้องล็อกอินก่อน ::
  ล็อกอิน

รายการสื่อสารสนเทศ

ลำดับที่ ประเภท เลขเรียก/บาร์โค้ด สถานที่ สถานะ
- ไม่พบข้อมูล -

BibComment


ยังไม่เคยถูกคอมเมนท์

คอมเมนท์ทรัพยากรรายการนี้
  คอมเมนท์: คำศัพท์สรีรวิทยา ..


 Copyright 2026. Bcnsprnw @Library